Eastern Utah Libraries Catalog: Duchesne, Heber, Roosevelt, & Vernal

If you'll have me / (Record no. 415524)

MARC details
000 -LEADER
fixed length control field 02787cam a22005418i 4500
001 - CONTROL NUMBER
control field on1500047163
003 - CONTROL NUMBER IDENTIFIER
control field OCoLC
005 - DATE AND TIME OF LATEST TRANSACTION
control field 20260123161004.0
007 - PHYSICAL DESCRIPTION FIXED FIELD--GENERAL INFORMATION
fixed length control field t|
008 - FIXED-LENGTH DATA ELEMENTS--GENERAL INFORMATION
fixed length control field 250609s2026 utu 000 1 eng
010 ## - LIBRARY OF CONGRESS CONTROL NUMBER
LC control number 2025026950
040 ## - CATALOGING SOURCE
Original cataloging agency DLC
Language of cataloging eng
Description conventions rda
Transcribing agency DLC
Modifying agency BDX
-- IG#
-- YDX
-- OCLCO
020 ## - INTERNATIONAL STANDARD BOOK NUMBER
International Standard Book Number 9781639934560
Qualifying information trade paperback
020 ## - INTERNATIONAL STANDARD BOOK NUMBER
International Standard Book Number 1639934561
020 ## - INTERNATIONAL STANDARD BOOK NUMBER
Cancelled/invalid ISBN 9781649334756
Qualifying information ebook
035 ## - SYSTEM CONTROL NUMBER
System control number (OCoLC)1500047163
042 ## - AUTHENTICATION CODE
Authentication code pcc
050 00 - LIBRARY OF CONGRESS CALL NUMBER
Classification number PS3608.A86157
Item number I3 2026
082 00 - DEWEY DECIMAL CLASSIFICATION NUMBER
Classification number 813/.6
Edition number 23/eng/20250609
084 ## - OTHER CLASSIFICATION NUMBER
Classification number FIC027070
Source of number bisacsh
049 ## - LOCAL HOLDINGS (OCLC)
Holding library WACL
100 1# - MAIN ENTRY--PERSONAL NAME
Personal name Hatch, Esther
Relator term author
Relator code aut
-- http://id.loc.gov/vocabulary/relators/aut
-- http://id.loc.gov/authorities/names/no2018104260
-- http://id.loc.gov/rwo/agents/no2018104260.
9 (RLIN) 5750524
245 10 - TITLE STATEMENT
Title If you'll have me /
Statement of responsibility, etc Esther Hatch.
263 ## - PROJECTED PUBLICATION DATE
Projected publication date 2602
264 #1 - Production, Publication, Distribution, Manufacture, and Copyright Notice.
Place of production, publication, distribution, manufacture [Salt Lake City] :
Name of producer, publisher, distributor, manufacturer Shadow Mountain Publishing,
Date of production, publication, distribution, manufacture, or copyr 2026.
300 ## - PHYSICAL DESCRIPTION
Extent pages cm
334 ## -
-- single unit
-- mono
-- http://id.loc.gov/vocabulary/issuance/mono
336 ## - Content Type
Content type term text
-- http://id.loc.gov/vocabulary/contentTypes/txt
337 ## - Media type
Media type term unmediated
-- http://id.loc.gov/vocabulary/mediaTypes/n
338 ## - Carrier type
Carrier type term volume
-- http://id.loc.gov/vocabulary/carriers/nc
490 0# - SERIES STATEMENT
Series statement Proper romance
520 ## - SUMMARY, ETC.
Summary, etc "Anna Atwood returns to Breckenridge hoping to escape her past and the persistent suitor Mr. Green. When she reunites with David Tate, now a successful man, their renewed friendship leads to an unexpected proposal. Bound by necessity, their marriage becomes a battleground of passion and duty as they face the threats of Mr. Green and Breckenridge's overseer Lord Murphy, risking everything to protect their newfound love"-- Provided by publisher.
650 #7 - SUBJECT ADDED ENTRY--TOPICAL TERM
Topical term or geographic name as entry element FICTION / Romance / Historical / Regency.
Source of heading or term bisacsh
9 (RLIN) 5768965
650 #7 - SUBJECT ADDED ENTRY--TOPICAL TERM
Topical term or geographic name as entry element FICTION / Romance / Clean & Wholesome.
Source of heading or term bisacsh
9 (RLIN) 5729865
655 #7 - INDEX TERM--GENRE/FORM
Genre/form data or focus term Romance fiction.
Source of term lcgft
655 #7 - INDEX TERM--GENRE/FORM
Genre/form data or focus term Historical fiction.
Source of term lcgft
655 #7 - INDEX TERM--GENRE/FORM
Genre/form data or focus term Fiction.
Source of term lcgft
9 (RLIN) 5673940
655 #7 - INDEX TERM--GENRE/FORM
Genre/form data or focus term Novels.
Source of term lcgft
655 #7 - INDEX TERM--GENRE/FORM
Genre/form data or focus term Romans.
Source of term rvmgf
9 (RLIN) 6374904
758 ## -
-- http://id.loc.gov/resources/instances/24237640
758 ## -
-- http://id.loc.gov/ontologies/bibframe/instanceOf
-- http://id.loc.gov/resources/works/24237640
776 08 - ADDITIONAL PHYSICAL FORM ENTRY
Display text Online version
-- http://id.loc.gov/entities/relationships/onlineversion
Main entry heading Hatch, Esther
Title If you'll have me
Place, publisher, and date of publication Salt Lake City] Shadow Mountain Publishing, 2026
International Standard Book Number 9781649334756
Record control number (DLC) 2025026951
884 ## -
-- DLC bibframe2marc v2.10-dev
-- 20250609
-- DLC
-- https://github.com/lcnetdev/bibframe2marc/releases/tag/v2.10-dev
938 ## -
-- YBP Library Services
-- YANK
-- 22376422
938 ## -
-- Brodart
-- BROD
-- 138667691
938 ## -
-- Ingram Library Services
-- INGR
-- in022702699
994 ## -
-- C0
-- WACOL
Holdings
Withdrawn status Lost status Source of classification or shelving scheme Damaged status Not for loan Collection code Home library Current library Shelving location Date acquired Source of acquisition Total Checkouts Full call number Barcode Date last seen Date checked out Cost, replacement price Price effective from Koha item type
  Missing Dewey Decimal Classification     Adult Fiction LDS Wasatch County Library Wasatch County Library First Floor 01/23/2026 Ingram 1 F LDS Hatch 34301002177584 02/02/2026 01/26/2026 18.99 01/23/2026 BOOK
This project was made possible through a grant from the Institute of Museum and Library Service administered by the Utah State Library Division.

Wasatch County Library

  • 465 East 1200 South, Heber City, Utah 84032
  • Phone 435-654-1511 | Fax 435-654-6456

Hours

  • Monday - Friday 9:30 AM - 8:00 PM
  • Saturday 9:30 AM - 1:30 PM
  • Closed Sundays and Holidays